Dôjde k rozdeleniu a fúzii?
Preprava tovaru v železničnej a kamiónovej nákladnej doprave a ich podiel na celkovom prepravnom trhu na Slovensku. Vývoj podielu železničnej nákladnej dopravy na európskom trhu dopravy. Logistické techniky, flexibilita na potreby zákazníkov, výstavba infraštruktúry v kamiónovej doprave. Prostriedky...
Gespeichert in:
| 1. Verfasser: | |
|---|---|
| Format: | Buchkapitel |
| Sprache: | Slowakisch |
| Schlagworte: | |
| Tags: |
Keine Tags, Fügen Sie das erste Tag hinzu!
|
MARC
| LEADER | 00000naa$a2200000$$$4500 | ||
|---|---|---|---|
| 001 | 0025960 | ||
| 005 | 20231107125744.1 | ||
| 041 | 0 | |a slo | |
| 044 | |a SK | ||
| 245 | 1 | 0 | |a Dôjde k rozdeleniu a fúzii? |c Peter Scherhaufer |
| 520 | |a Preprava tovaru v železničnej a kamiónovej nákladnej doprave a ich podiel na celkovom prepravnom trhu na Slovensku. Vývoj podielu železničnej nákladnej dopravy na európskom trhu dopravy. Logistické techniky, flexibilita na potreby zákazníkov, výstavba infraštruktúry v kamiónovej doprave. Prostriedky zefektívnenia železníc. | ||
| 610 | 2 | 0 | |a doprava cestná nákladná |
| 610 | 2 | 0 | |a doprava železničná nákladná |
| 610 | 2 | 0 | |a siete cestné |
| 610 | 2 | 0 | |a siete dopravné |
| 610 | 2 | 0 | |a infraštruktúra |
| 610 | 2 | 0 | |a služby dopravné |
| 610 | 2 | 0 | |a efektívnosť ekonomická |
| 610 | 2 | 0 | |a outsourcing |
| 610 | 2 | 0 | |a logistika |
| 610 | 2 | 0 | |a Slovensko |
| 100 | 1 | |a Scherhaufer, Peter | |